Five Biggest Cities in New England by State - Statistics

General Stats
  • This quiz has been taken 170 times
  • The average score is 18 of 30
Answer Stats
State Population Answer % Correct
Massachusetts 694,583 Boston
98%
Rhode Island 179,335 Providence
96%
Connecticut 122,587 Hartford
93%
Maine 66,417 Portland
91%
Vermont 42,899 Burlington
88%
Connecticut 130,418 New Haven
88%
New Hampshire 112,525 Manchester
85%
Connecticut 144,900 Bridgeport
82%
Massachusetts 185,877 Worcester
82%
Massachusetts 155,032 Springfield
81%
New Hampshire 43,412 Concord
80%
Maine 31,997 Bangor
76%
New Hampshire 89,246 Nashua
69%
Massachusetts 118,977 Cambridge
65%
Connecticut 129,775 Stamford
64%
Massachusetts 111,670 Lowell
60%
Rhode Island 80,847 Warwick
57%
Connecticut 108,093 Waterbury
51%
Rhode Island 71,847 Pawtucket
49%
Maine 35,944 Lewiston
48%
Vermont 19,486 South Burlington
45%
Vermont 15,325 Rutland
42%
Maine 25,606 South Portland
40%
Rhode Island 81,274 Cranston
37%
Rhode Island 47,476 East Providence
37%
New Hampshire 31,771 Dover
27%
Maine 23,196 Auburn
22%
Vermont 10,929 Essex Junction
22%
New Hampshire 31,366 Rochester
22%
Vermont 8,605 Barre
21%
No matching quizzes found
Score Distribution
Percent of People with Each Score
Percentile by Number Answered
Your Score History
You have not taken this quiz